000
00402nam a22001697a 4500
003
MPLRDC
005
20220104113549.0
008
210129b ||||| |||| 00| 0 eng d
082
_a
528.972 NZF
100
_a
聂智飞 编著
245
_a
太极拳术汇通
_c
250
_a
再版
260
_a
香港
_b
香港长兴书局
_c
1980
300
_b
196
650
_a
太极拳
942
_c
BK
_o
528.972 NZF
999
_c
626
_d
616